00000000nas 2200000za 4500
0019.504244
003CaOODSP
00520210420090204
007cr |||||||||||
008150406c2005||||xxc|| p o||||f|   |0fre|d
040 |aCaOODSP|bfre
043 |an-cn---
0861 |aH161-2F-PDF
1101 |aCanada. |bDirection générale des produits de santé et des aliments.
24510|aPlan d'activités de la Direction générale des produits de santé et des aliments ... |h[ressource électronique]
2461 |iTitre alternatif : |aDirection générale des produits de santé et des aliments - plan d’activité ...
260 |aOttawa : |bSanté Canada.
310 |aIrrégulier
3621 |a2005-06--2007-08
500 |aVariantes dans le sous-titre.
77508|tHealth Products and Food Branch ... business plan |w(CaOODSP)9.507866